|
|
|
|
| LEADER |
00000cam a2200000 7i4500 |
| 001 |
0000049130 |
| 005 |
20150625.0 |
| 008 |
150625 |
| 020 |
|
|
|
| 020 |
|
|
|
| 090 |
0 |
0 |
|a 499.28
|b SIE
|
| 100 |
1 |
|
|a Tan Siew Lan
|
| 245 |
1 |
0 |
|a bahasa inggeris
|f Tan Siew Lan
|
| 260 |
|
|
|a malaysia :
|b bright publication sdn. bhd ,
|c 2002
|
| 650 |
|
0 |
|a Inggeris language
|x Dictionaries
|x Polyglof
|
| 999 |
|
|
|a 0000869415
|b Book
|c Adult Collection
|e Cawangan Segamat
|
| 999 |
|
|
|a 0000869416
|b Book
|c Adult Collection
|e Cawangan Segamat
|
| 999 |
|
|
|a 0000869417
|b Book
|c Adult Collection
|e Cawangan Segamat
|
| 999 |
|
|
|a 0000869418
|b Book
|c Adult Collection
|e Cawangan Segamat
|